Upping the stakes : using gain scores to judge local program effectiveness in chapter 1 (Record no. 78833)
[ view plain ]
| 000 -CABECERA | |
|---|---|
| campo de control de longitud fija | 00675nam a2200229 a 4500 |
| 005 - FECHA Y HORA DE LA ÚLTIMA TRANSACCIÓN | |
| campo de control | 20210219153517.0 |
| 008 - ELEMENTOS DE LONGITUD FIJA--INFORMACIÓN GENERAL | |
| campo de control de longitud fija | 991125n 000 0 u |
| 035 ## - NÚMERO DE CONTROL DEL SISTEMA | |
| Número de control de sistema | UPN01000104130 |
| 100 ## - ASIENTO PRINCIPAL--NOMBRE PERSONAL | |
| Nombre de persona | Davis, Alan |
| 222 ## - TÍTULO CLAVE | |
| Título clave | EDUCATIONAL EVALUATION AND POLICY ANALYSIS |
| 245 ## - MENCIÓN DE TÍTULO | |
| Título | Upping the stakes : using gain scores to judge local program effectiveness in chapter 1 |
| 300 ## - DESCRIPCIÓN FÍSICA | |
| Extensión | 380-388 |
| 362 ## - FECHAS DE PUBLICACIÓN Y/O DESIGNACIÓN SECUENCIAL | |
| Fecha de publicación y/o designación secuencial | 13, No. 4, 1991 |
| 505 ## - NOTA DE CONTENIDO CON FORMATO PREESTABLECIDO | |
| Nota de contenido con formato | Mayo 1992 |
| 653 0# - TERMINO DE INDIZACION - NO CONTROLADO | |
| Término no controlado | DISTRITOS ESCOLARES |
| 653 0# - TERMINO DE INDIZACION - NO CONTROLADO | |
| Término no controlado | EDUCACION COMPENSATORIA |
| 653 0# - TERMINO DE INDIZACION - NO CONTROLADO | |
| Término no controlado | EDUCACION SUPLEMENTARIA |
| 653 0# - TERMINO DE INDIZACION - NO CONTROLADO | |
| Término no controlado | EJECUCION DE PROGRAMAS |
| 653 0# - TERMINO DE INDIZACION - NO CONTROLADO | |
| Término no controlado | MARCADORES |
| 904 ## - ELEMENTOS DE DATOS D LOCAL, LDD (RLIN) | |
| a | AC |
| b | 041941 |
| 905 ## - TIPO DE MATERIAL | |
| Tipo de material | Articulo |
No items available.
